Statistics for Mystery Category #13

Click here to take the quiz!

General Stats

  • This quiz has been taken 66 times
  • The average score is 7 of 13

Answer Stats

Lose a Letter, UnscrambleNew Word% Correct
VOLELEO
100%
SPECIESPISCES
74%
IMAGINEGEMINI
71%
BRIDALLIBRA
66%
ROVINGVIRGO
63%
SATIREARIES
61%
Mystery CategoryConstellations
60%
SUTURALTAURUS
58%
INDOORORION
55%
HARDLYHYDRA
29%
SCHEDULERHERCULES
15%
UPSTAGESPEGASUS
11%
SUPREMESPERSEUS
10%

Score Distribution

Percentile by Number Answered

Percent of People with Each Score

Your Score History

You have not taken this quiz